Orissa district gazetteers, Baleshwar (Record no. 486285)

000 -LEADER
fixed length control field 00385cam a22001217a 4500
008 - FIXED-LENGTH DATA ELEMENTS--GENERAL INFORMATION
fixed length control field 180718b1992 xxu||||| |||| 00| 0 eng d
082 ## - DEWEY DECIMAL CLASSIFICATION NUMBER
Classification number A75 Or4B
100 ## - MAIN ENTRY--PERSONAL NAME
Personal name Behuria, Nrusinha Charan
245 ## - TITLE STATEMENT
Title Orissa district gazetteers, Baleshwar
Statement of responsibility, etc. edited by Nrusinha Charan Behuria
260 ## - PUBLICATION, DISTRIBUTION, ETC.
Place of publication, distribution, etc. Bhubaneswar
Name of publisher, distributor, etc. Orissa District Gazetteers
Date of publication, distribution, etc. 1992
300 ## - PHYSICAL DESCRIPTION
Extent 852+p.
650 ## - SUBJECT ADDED ENTRY--TOPICAL TERM
Topical term or geographic name entry element Orissa - Gazetteers
Holdings
Withdrawn status Lost status Damaged status Not for loan Permanent Location Current Location Date acquired Full call number Barcode Date last seen Price effective from Koha item type
        Indian Institute of Public Administration Indian Institute of Public Administration 2018-08-04 A75 Or4B G19224 2018-08-04 2018-08-04 G

Powered by Koha